| 000 | 00480cam a2200193ua 4500 | ||
|---|---|---|---|
| 001 | 9795 | ||
| 005 | 20260515114525.0 | ||
| 008 | 160902n ii |||gr||||Z||||||asm | ||
| 040 | _cMAIN | ||
| 041 | _aasm | ||
| 082 | _a891.22 | ||
| 100 |
_aBhagawati, Kamakhyacharan, _eAuthor. |
||
| 245 |
_aSanskrit natya sahitya _cBy Kamakhyacharan Bhagawati |
||
| 250 | _a1st ed. | ||
| 260 |
_aGuwahati: _bNew book stall, _c1971. |
||
| 300 | _a180p. | ||
| 653 | _aSanskrit drama | ||
| 942 | _cBK | ||
| 999 |
_c8797 _d8797 |
||